Statistics for Canadian Provinces/Territories

Click here to take the quiz!

General Stats

  • This quiz has been taken 27 times
  • The average score is 10 of 13

Answer Stats

HintAnswer% Correct
This Province starts with an AAlberta
95%
This Province is the Province that speaks only FrenchQuebec
95%
This Province is the most Western ProvinceBritish Columbia
89%
This Province starts with an SSaskatchewan
89%
This Province’s Capital is WinnipegManitoba
84%
This Province has a lighthouse, and it’s Capital is HalifaxNova Scotia
84%
This Province is a very good Province That has the CN Tower, Canada’s Capital City, Drake, Toronto, Maple Leaves, more.Ontario
84%
This territory is the most coldest in Canada and the Inuit Live hereNunavut
79%
This Province is one of the Atlantic Region Of Canada’s province and it’s capital is FrederictonNew Brunswick
74%
This Province is the most smallest Province in Canada, and Anne Of Green Gables’ House Is HerePrince Edward Island
74%
This territory is the most Western territory right on top of B.C.Yukon
74%
This territory is right on top of AlbertaNorthwest Territories
68%
This Province’s Capital is St.JohnsNewfoundland&Labrador
47%

Score Distribution

Percentile by Number Answered

Percent of People with Each Score

Your Score History

You have not taken this quiz